| 000 | 01379nam a22002895a 4500 | ||
|---|---|---|---|
| 003 | OSt | ||
| 005 | 20170709133717.0 | ||
| 008 | 170622s2016 ua a grb 000 0 ara d | ||
| 017 | _a2015 / 11414 | ||
| 020 | _a9789777611008 | ||
| 040 |
_aEG-ScBUE _bara _cEG-ScBUE |
||
| 082 | 0 | 4 |
_a346,0482 _bل هـ ب _222 |
| 100 | 1 | _aلهبي، حميد محمد علي. | |
| 245 | 1 | 2 |
_aالحماية القانونية لحقوق الملكية الفكرية في إطار منظمة التجارة العالمية = _bThe legal protection for the inellectual property rights in the framework of the world trade organization. _cحميد محمد علي اللهبي. |
| 246 | 3 | 1 | _aThe legal protection for the inellectual property rights in the framework of the world trade organization |
| 250 | _aط. 2. | ||
| 260 |
_aالقاهرة : _bالمركز القومي للإصدارات القانونية، _c2016. |
||
| 300 |
_a728 ص. : _bإيض ؛ _c24 سم. |
||
| 504 | _aببليوجرافية : ص. 692-714. | ||
| 541 | _aإهداء من ا. محمد فريد خميس. | ||
| 590 | _aWessam | ||
| 650 | 7 |
_aحقوق التأليف والنشر _xقوانين وتشريعات. _2BUEsh _920403 |
|
| 650 | 7 |
_aبراءات الاختراع _xقوانين وتشريعات. _941045 _2BUEsh |
|
| 651 | _2BUEsh | ||
| 653 |
_bBUSECO _cJune2017 _bBUSADM _bLLAAWW _cJune2017 |
||
| 942 | _2ddc | ||
| 999 |
_c24950 _d24922 |
||